000 00290nam a2200121Ia 4500
008 191201s2019 xx 000 0 und d
100 _aMITTAL, R K
245 0 _aPositive Mind Power
260 _aN.Delhi
_bSterling Publishers
300 _a165
650 _aGeneral Books
942 _2ddc
_cBK
999 _c2163
_d2163